000 00947cam a2200229 i 4500
005 20251202105004.0
008 250721s2010 jo gr 000 0 ara d
020 _a9789957507176
082 1 4 _a213.1
_bش ر م
100 1 _aالشرمان، خالد محمد محمود
_eمعد.
245 1 2 _aالحديث الموضوعي :
_b"دراسة تأصيلية تطبيقية " /
_cاعداد خالد محمد محمود الشرمان ؛ اشرف الاستاذ الدكتور محمد العمري.
250 _aالطبعه الاولى.
264 3 1 _aعمان :
_bدار الفرقان للنشر و التوزيع،
_c2010.
300 _a352صفجة.
500 _aأصل الكتاب رسالة دكتوراة
650 1 7 _aالاسلام.
650 1 7 _aالحديث الشريف.
650 1 7 _aالحديث الموضوع.
700 1 _aالعمري، محمد
_eمشرف
942 _2ddc
_cBK
999 _c120626
_d120626